Central Library OPAC University of Rajshahi
Normal view MARC view

Entry Topical Term

Number of records used in: 8

001 - CONTROL NUMBER

  • control field: 1101

003 - CONTROL NUMBER IDENTIFIER

  • control field: BD-RjUL

005 - DATE AND TIME OF LATEST TRANSACTION

  • control field: 20220203102946.0

008 - FIXED-LENGTH DATA ELEMENTS

  • fixed length control field: 220203|| aca||aabn | a|a d

040 ## - CATALOGING SOURCE

  • Original cataloging agency: BD-RjUL
  • Transcribing agency: BD-RjUL

150 ## - HEADING--TOPICAL TERM

  • Topical term or geographic name entry element: Social psychology

670 ## - SOURCE DATA FOUND

  • Source citation: Work cat.: (BD-RjUL)79314: LIZA, MST. MAHFUZA NASRIN 1098, A STUDY IN SOCIAL IDENTITY AS A FUNCTION OF CROSS-CATEGORY MEMBERSHIP IN CERTAIN ETHNIC GROUPS IN BANGLADESH, 2005